=LDR 00000nam 2200000 4500 =001 INLIS000000000048179 =005 20160820152530.0 =006 =007 =008 =020 ##$$a 978-979-002-467-0 =035 ##$$0010-081600000000016 =082 ##$$a 640 =090 ##$$a 640 ser s =100 ##$$a TIM Redaksi PS =245 ##$$a 1001 Tip Sehat Kreatif =260 ##$$a Jakarta $b Penebar Swadaya $c 2010 =300 ##$$a iv, 316 hlm $b ilus $c 20 cm =850 ##$$a NBPNMAT =990 ##$$a 0001/BPAP-NTB/2016 =990 ##$$a 21107117